Research Methods of Milling Technology Elements; Applied Mechanics and Materials; Vol. 756 : Mechanical Engineering, Automation and Control Systems
| Parent link: | Applied Mechanics and Materials.— , 2015 Vol. 756 : Mechanical Engineering, Automation and Control Systems.— 2015.— P. 35-40 |
|---|---|
| Hlavní autor: | |
| Další autoři: | , |
| Shrnutí: | Selected, peer reviewed papers from the International Conference on Mechanical Engineering, Automation and Control Systems 2014 (MEACS 2014), October 16-18, 2014, Tomsk, Russia The increasing of vibration stability for the technological system is always the vital taskfor different material processing. Vibration stability increasing methods are divided intoconstructive and technological. It’s necessary to take into consideration different factors such asvibration whence, vibration parameters, immediate changing of processing mode possibility whilechoosing the method of vibration decreasing for the technological systems. The present article isreviewing the research methods of milling technology elements as one of the basis of technologicalmethods for increasing of vibration stability. В фонде НТБ ТПУ отсутствует |
| Jazyk: | angličtina |
| Vydáno: |
2015
|
| Témata: | |
| Médium: | MixedMaterials Kapitola |
| KOHA link: | https://koha.lib.tpu.ru/cgi-bin/koha/opac-detail.pl?biblionumber=601814 |
MARC
| LEADER | 00000naa0a2200000 4500 | ||
|---|---|---|---|
| 001 | 601814 | ||
| 005 | 20250221094054.0 | ||
| 035 | |a (RuTPU)RU\TPU\tpu\26936 | ||
| 035 | |a RU\TPU\tpu\16903 | ||
| 090 | |a 601814 | ||
| 100 | |a 20150306d2015 k||y0rusy50 ba | ||
| 101 | 0 | |a eng | |
| 102 | |a US | ||
| 200 | 1 | |a Research Methods of Milling Technology Elements |f A. N. Gavrilin, B. B. Moyzes [i. e. Moises], A. I. Cherkasov | |
| 300 | |a Selected, peer reviewed papers from the International Conference on Mechanical Engineering, Automation and Control Systems 2014 (MEACS 2014), October 16-18, 2014, Tomsk, Russia | ||
| 320 | |a References: p. 39-40 (19 tit.) | ||
| 330 | |a The increasing of vibration stability for the technological system is always the vital taskfor different material processing. Vibration stability increasing methods are divided intoconstructive and technological. It’s necessary to take into consideration different factors such asvibration whence, vibration parameters, immediate changing of processing mode possibility whilechoosing the method of vibration decreasing for the technological systems. The present article isreviewing the research methods of milling technology elements as one of the basis of technologicalmethods for increasing of vibration stability. | ||
| 333 | |a В фонде НТБ ТПУ отсутствует | ||
| 461 | |t Applied Mechanics and Materials |d 2015 | ||
| 463 | |t Vol. 756 : Mechanical Engineering, Automation and Control Systems |f eds. A. Bogdan, N. Martyushev, S. Bogdan |v P. 35-40 |d 2015 | ||
| 610 | 1 | |a труды учёных ТПУ | |
| 700 | 1 | |a Gavrilin |b A. N. |c Specialist in the field of mechanical engineering |c Associate Professor of Tomsk Polytechnic University, Candidate of technical sciences |f 1960- |g Aleksei Nikolaevich |3 (RuTPU)RU\TPU\pers\33397 |9 17091 | |
| 701 | 1 | |a Moyzes [Moises] |b B. B. |c specialist in the field of mechanical engineering |c Associate Professor of Tomsk Polytechnic University, Candidate of technical sciences |f 1975- |g Boris Borisovich |3 (RuTPU)RU\TPU\pers\32979 |9 16824 | |
| 701 | 1 | |a Cherkasov |b A. I. | |
| 801 | 1 | |a RU |b 63413507 |c 20091208 | |
| 801 | 2 | |a RU |b 63413507 |c 20150306 |g RCR | |
| 942 | |c CR | ||